| 000 | 005410000a22001930004500 | ||
|---|---|---|---|
| 003 | LK-CoMWRAF | ||
| 005 | 20231027121444.0 | ||
| 008 | 230817t ||||| |||| 00| 0 eng d | ||
| 040 |
_aLK-CoMWRAF _dLK-CoMWRAF _eLK-CoMWRAF |
||
| 041 | _aeng | ||
| 082 |
_a297 _bBEH |
||
| 100 | _aBehari, Bankey | ||
| 245 | _afariduddin 'attar's tadhkaratul-auliya or memorias of saints Parts i & ii | ||
| 260 |
_bLahore : _aSh. muhammad ashraf, _c1986 |
||
| 300 | _a63p | ||
| 650 | _aMuslim saints--Biography | ||
| 650 | _aSufis--Biography | ||
| 942 | _cBK | ||
| 999 |
_c1569 _d1569 |
||